000
00239nam a2200097Ia 4500
008
190216s9999||||xx |||||||||||||| ||und||
100
_a
Hari Hara Krishnan
245
0
_a
Politechnic Ganitham
260
_b
Kerala Bhasha Institute
942
_c
BK
999
_c
37583
_d
37583